[Event "AUTO-ELITE-1594"]
[Site "http://www.queenalice.com/game.php?id=1421102"]
[Date "2016.5.3"]
[Round "2"]
[White "patoche"]
[Black "scaccomatto"]
[Result "1-0"]
[WhiteElo "2636"]
[BlackElo "2520"]

1. d4 Nf6 2. c4 e6 3. Nc3 Bb4 4. e3 b6 5. Ne2 c5 6. a3 Ba5 7. Rb1 Na6 8. Bd2 O-O
9. Ng3 d5 10. cxd5 cxd4 11. exd4 Bxc3 12. bxc3 Qxd5 13. Be2 Bb7 14. f3 Nb8 15.
O-O Ba6 16. Ne4 Rd8 17. Nxf6+ gxf6 18. f4 Bxe2 19. Qxe2 f5 20. Qh5 Kh8 21. Qxf7
Nd7 22. Rbe1 Rg8 23. Rf2 Rg6 24. g3 Qd6 25. c4 Rf8 26. c5 Qxd4 27. Qe7 bxc5 28.
Rxe6 Rfg8 29. Re3 1-0

[Event "AUTO-OPEN-3496"]
[Site "http://www.queenalice.com/game.php?id=1421992"]
[Date "2016.5.8"]
[Round "3"]
[White "vivafischer"]
[Black "scaccomatto"]
[Result "0-1"]
[WhiteElo "2341"]
[BlackElo "2516"]

1. d4 Nf6 2. c4 e6 3. Nc3 Bb4 4. f3 d5 5. a3 Bxc3+ 6. bxc3 c5 7. cxd5 exd5 8. e3
O-O 9. Bd3 Nc6 10. Ne2 Re8 11. O-O cxd4 12. cxd4 Na5 13. Rb1 Bd7 14. Nf4 Rc8 15.
h4 h6 16. Bd2 b6 17. Bxa5 bxa5 18. Qd2 Qe7 19. Rfe1 Qxa3 20. Ra1 Qb4 21. Qxb4
axb4 22. Rxa7 Rc3 23. Kf2 Rb8 24. Bb1 Bc6 25. Nd3 Bb5 26. Nxb4 Rb3 27. Nxd5 Rb2+
28. Kg3 Nxd5 29. Ba2 Rd8 0-1

[Event "AUTO-OPEN-3496"]
[Site "http://www.queenalice.com/game.php?id=1421993"]
[Date "2016.5.8"]
[Round "3"]
[White "scaccomatto"]
[Black "vivafischer"]
[Result "1-0"]
[WhiteElo "2501"]
[BlackElo "2342"]

1. d4 Nf6 2. c4 e6 3. Nc3 d5 4. cxd5 exd5 5. Bg5 c6 6. Qc2 Be7 7. e3 Nbd7 8. Bd3
O-O 9. Nf3 Re8 10. O-O Nf8 11. h3 Ne4 12. Bf4 Nxc3 13. bxc3 Bd6 14. Bxd6 Qxd6
15. Rab1 b5 16. a4 a6 17. Rb2 g6 18. Ra1 Bd7 19. Rba2 Rac8 20. Qb1 Qf6 21. Ne5
Qd6 22. axb5 axb5 23. Qb4 Qxb4 24. cxb4 Rc7 25. Rc2 Rec8 26. Rac1 1-0

[Event "AUTO-ELITE-1662"]
[Site "http://www.queenalice.com/game.php?id=1426952"]
[Date "2016.6.9"]
[Round "2"]
[White "Norfair"]
[Black "scaccomatto"]
[Result "1/2-1/2"]
[WhiteElo "2600"]
[BlackElo "2545"]

1. e4 c6 2. d4 d5 3. e5 Bf5 4. Nf3 e6 5. Be2 c5 6. Be3 cxd4 7. Nxd4 Ne7 8. Nd2
Nbc6 9. N2f3 Be4 10. O-O Bxf3 11. Nxf3 g6 12. Bf4 Bg7 13. Re1 h6 14. h3 Rc8 15.
c3 g5 16. Bg3 Qb6 17. Rb1 O-O 18. Bd3 Ng6 19. Qd2 Rfd8 20. Rbd1 Qc7 21. Qe3 Re8
22. Bc2 Qe7 23. Re2 a6 24. Red2 Red8 25. b3 b5 26. Bb1 1/2-1/2

[Event "AUTO-ELITE-1662"]
[Site "http://www.queenalice.com/game.php?id=1426953"]
[Date "2016.6.9"]
[Round "2"]
[White "scaccomatto"]
[Black "Norfair"]
[Result "0-1"]
[WhiteElo "2549"]
[BlackElo "2608"]

1. e4 c5 2. Nc3 d6 3. f4 g6 4. Nf3 Bg7 5. Bb5+ Bd7 6. Bxd7+ Qxd7 7. d4 cxd4 8.
Nxd4 Nf6 9. h3 Nc6 10. Be3 O-O 11. O-O a6 12. Qd3 b5 13. Rad1 Rac8 14. a3 Na5
15. b3 Nc6 16. b4 Qb7 17. Nde2 Rfd8 18. Bf2 e6 19. Qf3 Rd7 20. Rd3 Ne8 21. Rfd1
Rdc7 22. Kh2 Ne7 23. Bd4 Rc4 24. Bxg7 Kxg7 25. g4 h6 26. Kg1 g5 27. fxg5 Qa7+
28. Kh1 hxg5 29. Nd4 Ng6 30. Nce2 Kg8 31. R3d2 e5 32. Nf5 Rxc2 33. Qe3 Rxd2 0-1

[Event "AUTO-ELITE-1662"]
[Site "http://www.queenalice.com/game.php?id=1426956"]
[Date "2016.6.9"]
[Round "2"]
[White "scaccomatto"]
[Black "jandamian"]
[Result "1-0"]
[WhiteElo "2553"]
[BlackElo "2559"]

1. e4 e6 2. d4 d5 3. Nc3 Bb4 4. exd5 exd5 5. Bd3 Nc6 6. Ne2 Nge7 7. O-O Bf5 8.
a3 Bxc3 9. bxc3 O-O 10. Nf4 Qd7 11. Qf3 Rfe8 12. h3 Na5 13. Rb1 c6 14. Nh5 Bxd3
15. cxd3 Qf5 16. Qd1 b6 17. g4 Qg6 18. Re1 f6 19. Rb2 Qf7 20. Rbe2 Kh8 21. f4 c5
22. dxc5 bxc5 23. Be3 c4 24. Bf2 Nec6 25. Rxe8+ Rxe8 26. Rxe8+ Qxe8 27. dxc4
dxc4 28. Qd5 a6 29. Ng3 Qd8 30. Qe6 Qg8 31. Qf5 Qb8 32. Kg2 Qd8 33. Ne4 h6 34.
Qe6 Qg8 35. Qd7 Qa8 36. Kg3 Qb7 37. Qe8+ Kh7 38. Bc5 Nb3 39. Bf8 Qc7 40. Bd6 Qb7
41. a4 a5 42. Qe6 Nd8 43. Qf5+ Kg8 44. Nxf6+ gxf6 45. Qxf6 Nc6 46. Qg6+ Qg7 47.
Qe8+ Kh7 48. Qe4+ Kh8 49. Qxc6 Qxc3+ 50. Qf3 Qe1+ 51. Qf2 Qc3+ 52. Kg2 Kg8 53.
f5 Qd2 54. Qxd2 Nxd2 55. Bc7 Nb3 56. Be5 Nc5 57. Kf3 Nxa4 58. Bd4 c3 59. Ke2 Kf8
60. Kd3 Kf7 61. h4 1-0

[Event "AUTO-ELITE-1482"]
[Site "http://www.queenalice.com/game.php?id=1430939"]
[Date "2016.7.9"]
[Round "3"]
[White "scaccomatto"]
[Black "gopre"]
[Result "1-0"]
[WhiteElo "2596"]
[BlackElo "2331"]

1. e4 c5 2. Nc3 d6 3. f4 Nc6 4. Nf3 g6 5. Bb5 Bd7 6. O-O Bg7 7. d3 a6 8. Bxc6
Bxc6 9. Qe1 Qd7 10. Bd2 e6 11. Nd5 exd5 12. exd5+ Ne7 13. dxc6 Qxc6 14. Bc3 Bxc3
15. bxc3 Qc7 16. c4 O-O 17. Ng5 d5 18. cxd5 h6 19. Ne4 Nxd5 20. f5 g5 21. c4 Nf4
22. g3 Nxd3 23. Qc3 Ne5 24. Nf6+ Kg7 25. Nh5+ Kg8 26. Rae1 f6 27. Nxf6+ Rxf6 28.
Rxe5 Raf8 29. g4 Rc6 30. Rfe1 Qd6 31. Rd5 Qf4 32. h3 Rcf6 33. Rxc5 h5 34. Rf1
Qd6 35. Rd5 Qc7 36. Qe3 Kh7 37. c5 hxg4 38. Rfd1 Qf4 39. Qxf4 gxf4 40. hxg4 Rg8
41. Rd7+ Kh6 42. Kf2 Rc6 43. R7d6+ Kg5 44. Rxc6 bxc6 45. Rd6 Rf8 46. Kf3 Rc8 47.
Rg6+ Kh4 48. Kxf4 Kh3 49. g5 Kg2 50. Re6 Kf2 51. f6 a5 52. g6 Rh8 53. g7 Rh3 54.
f7 Rf3+ 55. Ke4 Rxf7 56. g8=Q Rf3 57. Qg1+ Kxg1 58. Kxf3 Kf1 59. a4 Kg1 60. Kg3
Kf1 61. Re3 1-0

[Event "AUTO-ELITE-1482"]
[Site "http://www.queenalice.com/game.php?id=1430940"]
[Date "2016.7.9"]
[Round "3"]
[White "gopre"]
[Black "scaccomatto"]
[Result "0-1"]
[WhiteElo "2336"]
[BlackElo "2561"]

1. e4 e5 2. Nf3 Nc6 3. Bb5 Nf6 4. d3 Bc5 5. c3 d6 6. O-O O-O 7. h3 Bd7 8. Re1 h6
9. Nbd2 a6 10. Ba4 Re8 11. Nf1 Bb6 12. Ng3 Ne7 13. Bc2 Ng6 14. d4 c6 15. Be3 Qc7
16. Bb3 c5 17. dxe5 dxe5 18. Qc2 Ba5 19. Bc4 b5 20. Bd5 Rab8 21. Rad1 Rbd8 22.
Qb1 c4 23. Qc1 Nf4 24. Bxf7+ Kxf7 25. Nxe5+ Qxe5 26. Bxf4 Qe7 27. e5 Nh7 28. Rd6
Be6 29. Rxa6 Ra8 30. Rxa8 Rxa8 31. Qb1 Kg8 32. Nf5 Qf7 33. Nd4 Bb6 34. Nxe6 Qxe6
35. a3 Ng5 36. h4 Nf7 37. Qe4 Rd8 38. Kf1 g5 39. hxg5 hxg5 40. Bg3 Nh6 41. Re2
Nf5 42. Bh2 Qg6 43. e6 Rd1+ 44. Re1 Ng3+ 45. Bxg3 Qxe4 46. Rxd1 Qc2 47. Re1 Kf8
48. Re2 Qb1+ 49. Re1 Qxb2 50. Rd1 Qxc3 51. e7+ Ke8 52. Ke2 Qc2+ 53. Rd2 Qe4+ 54.
Kf1 Qb1+ 55. Ke2 c3 56. Rd3 c2 57. Rc3 Qd1# 0-1

[Event "AUTO-ELITE-1615"]
[Site "http://www.queenalice.com/game.php?id=1444372"]
[Date "2016.10.5"]
[Round "2"]
[White "gega"]
[Black "scaccomatto"]
[Result "0-1"]
[WhiteElo "2269"]
[BlackElo "2599"]

1. e4 c5 2. Nf3 d6 3. Bb5+ Bd7 4. Bxd7+ Qxd7 5. c4 Nc6 6. Nc3 Nf6 7. d4 cxd4 8.
Nxd4 g6 9. O-O Bg7 10. Nde2 O-O 11. f3 a6 12. a4 Qc7 13. Kh1 Nd7 14. Nd5 Qc8 15.
Bg5 e6 16. Ne7+ Nxe7 17. Bxe7 Bxb2 18. Rb1 Re8 19. Bxd6 Bg7 20. Qb3 Qc6 21. Qxb7
Rac8 22. Qxc6 Rxc6 23. Bg3 Rxc4 24. Rfd1 Ne5 25. a5 Ra4 26. Be1 h5 27. Kg1 Rc8
28. Rbc1 Rxc1 29. Nxc1 Ra1 30. Kf1 Nc4 31. Rd8+ Kh7 32. Nb3 Rb1 33. Rd3 Bf8 34.
Rc3 Rxe1+ 35. Kxe1 Bb4 36. Ke2 Bxc3 37. Kd3 Nxa5 38. Kxc3 Nxb3 39. Kxb3 h4 40.
Ka4 Kh6 41. Ka5 Kg5 42. Kxa6 f5 43. exf5 exf5 44. Kb6 Kf4 45. Kc6 Ke3 46. Kd5
Kf2 47. g4 Kxf3 48. g5 f4 49. h3 Ke3 50. Ke5 f3 51. Kf6 f2 52. Kxg6 f1=Q 53. Kh5
Qf8 54. Kxh4 Kf4 0-1

[Event "AUTO-ELITE-1615"]
[Site "http://www.queenalice.com/game.php?id=1444373"]
[Date "2016.10.5"]
[Round "2"]
[White "scaccomatto"]
[Black "gega"]
[Result "1-0"]
[WhiteElo "2600"]
[BlackElo "2267"]

1. Nf3 d5 2. d4 a6 3. c4 dxc4 4. e3 b5 5. a4 Bb7 6. axb5 axb5 7. Rxa8 Bxa8 8. b3
e6 9. bxc4 bxc4 10. Bxc4 Nf6 11. O-O Nbd7 12. Ba3 Bxa3 13. Nxa3 O-O 14. Qe2 c5
15. Nb5 Qe7 16. Rc1 cxd4 17. Nbxd4 Rc8 18. Qb2 Qd6 19. Bf1 Rxc1 20. Qxc1 Bb7 21.
Qb2 Ba8 22. Nd2 Ng4 23. N4f3 Nge5 24. Nxe5 Nxe5 25. Be2 Nd7 26. Qc3 Qc6 27. Qxc6
Bxc6 28. f4 Nc5 29. Kf2 Bd5 30. Bf3 f5 31. Bxd5 exd5 32. Ke2 Kf7 33. Nf3 Ne6 34.
Kd3 h6 35. Kc3 g5 36. g3 Kf6 37. Kb4 Kg6 38. Ne5+ Kh5 39. Kb5 d4 40. g4+ fxg4
41. f5 Ng7 42. f6 Ne8 43. f7 Nd6+ 44. Kc6 Nxf7 45. exd4 Nd8+ 46. Kd7 Nb7 47. Kc7
Na5 48. d5 Nb3 49. d6 Nc5 50. Kc6 Ne6 51. d7 Nd8+ 52. Kc7 Ne6+ 53. Kd6 Nd8 54.
Ke7 g3 55. hxg3 Nb7 56. Kf6 g4 57. Nd3 1-0

[Event "AUTO-ELITE-1615"]
[Site "http://www.queenalice.com/game.php?id=1472012"]
[Date "2017.4.5"]
[Round "3"]
[White "hepre"]
[Black "scaccomatto"]
[Result "0-1"]
[WhiteElo "2256"]
[BlackElo "2601"]

1. e4 c5 2. Nf3 d6 3. Bb5+ Bd7 4. Bxd7+ Qxd7 5. c4 Nc6 6. Nc3 g6 7. d4 cxd4 8.
Nxd4 Bg7 9. Be3 Nf6 10. f3 O-O 11. Rc1 Nxd4 12. Bxd4 a6 13. O-O b5 14. Nd5 Nxd5
15. cxd5 Bh6 16. f4 Rfc8 17. Rc3 Rxc3 18. Bxc3 Bg7 19. Bxg7 Kxg7 20. Qd4+ Kg8
21. f5 Rc8 22. Qb6 Rc4 23. Qxa6 Rxe4 24. fxg6 hxg6 25. Qa8+ Kg7 26. Qa6 Re5 27.
h3 Rxd5 28. b3 Rg5 29. Rf3 d5 30. Qa8 d4 31. Rd3 Rd5 32. Qb8 e5 33. Kh2 Qe7 34.
Qa8 Qd6 35. Rd1 e4+ 36. g3 e3 37. Qc8 Rc5 38. Qa8 Rc2+ 39. Qg2 Rxg2+ 40. Kxg2
Qd5+ 41. Kg1 d3 42. g4 e2 43. Re1 Qf3 0-1

[Event "AUTO-ELITE-1615"]
[Site "http://www.queenalice.com/game.php?id=1472013"]
[Date "2017.4.5"]
[Round "3"]
[White "scaccomatto"]
[Black "hepre"]
[Result "1-0"]
[WhiteElo "2603"]
[BlackElo "2254"]

1. e4 c5 2. Nf3 d6 3. d4 cxd4 4. Nxd4 Nf6 5. Nc3 a6 6. Be3 Ng4 7. Bg5 h6 8. Bh4
g5 9. Bg3 Bg7 10. Be2 h5 11. h4 gxh4 12. Bxh4 Nc6 13. Nb3 Be6 14. Qd2 Qb6 15.
Nd5 Bxd5 16. exd5 Nd4 17. Nxd4 Bxd4 18. O-O O-O-O 19. Rad1 Be5 20. b4 Rdg8 21.
c4 Kb8 22. Rc1 Qd8 23. c5 dxc5 24. bxc5 Qc7 25. Rc2 Bf4 26. d6 Bh2+ 27. Kh1 exd6
28. Rb1 Ka7 29. Bf3 Rb8 30. Rcb2 Rhc8 31. Rxb7+ Rxb7 32. Rxb7+ Qxb7 33. Bxb7
Kxb7 34. f3 Rxc5 35. fxg4 Be5 36. gxh5 d5 37. h6 a5 38. Be7 Rb5 39. Qd3 Kc6 40.
Qc2+ Kb7 41. h7 Bg7 42. Qd3 Kc6 43. Qg3 Bh8 44. a4 Rb1+ 45. Kh2 Rc1 46. Qb8 Kd7
47. Qxh8 Rc8 48. Qe5 Re8 49. Qd6+ Kc8 50. Qc6+ 1-0

[Event "AUTO-OPEN-3498"]
[Site "http://www.queenalice.com/game.php?id=1506794"]
[Date "2017.12.4"]
[Round "2"]
[White "Mannu"]
[Black "scaccomatto"]
[Result "0-1"]
[WhiteElo "1985"]
[BlackElo "2622"]

1. d4 d5 2. c4 c6 3. Nc3 Nf6 4. e3 e6 5. Nf3 Nbd7 6. Bd3 dxc4 7. Bxc4 b5 8. Bd3
Bb7 9. Bd2 a6 10. Qc2 c5 11. O-O Rc8 12. Qd1 Bd6 13. Rc1 O-O 14. a3 Qe7 15. Qe2
Rfd8 16. dxc5 Nxc5 17. Bc2 Ng4 18. h3 Bxf3 19. gxf3 Ne5 20. f4 Nc4 21. b4 Nxd2
22. Qxd2 Be5 23. Qe1 Bxc3 24. Qxc3 Nd3 25. Qxc8 Rxc8 26. Bxd3 Rxc1 27. Rxc1 g5
0-1

[Event "AUTO-OPEN-3498"]
[Site "http://www.queenalice.com/game.php?id=1506795"]
[Date "2017.12.4"]
[Round "2"]
[White "scaccomatto"]
[Black "Mannu"]
[Result "1-0"]
[WhiteElo "2621"]
[BlackElo "1984"]

1. c4 Nf6 2. g3 e5 3. Bg2 c6 4. d4 exd4 5. Qxd4 Be7 6. Nc3 O-O 7. Bf4 Bb4 8. Nf3
Na6 9. a3 Ba5 10. O-O d5 11. b4 c5 12. bxc5 dxc4 13. Bd6 Re8 14. Rfd1 Bxc3 15.
Qxc3 Be6 16. Ng5 Nc7 17. Bxb7 Rb8 18. Bc6 Nb5 19. Qc2 Nxd6 20. Rxd6 Nd7 21.
Qxh7+ Kf8 22. Qh8+ Ke7 23. Rxe6+ 1-0